Effectif XV de France 6 nations 2018 - Statistiques

Statistiques générales
  • Ce quiz a été pris 27 fois
  • Le résultat moyen est 16 sur 45
Statistiques - réponses
Poste Joueur Club % Correct
Antoine Dupont Stade Toulousain
86%
Talonneur Camille Chat Racing 92
81%
Baptiste Serin Bordeaux-Bègles
71%
Rabah Slimani ASM Clermont
67%
Gaël Fickou Stade Toulousain
62%
Jefferson Poirot Bordeaux-Bègles
57%
Morgan Parra ASM Clermont
57%
Demi de Mêlée Baptiste Couilloud Lyon OU
48%
Guilhem Guirado RC Toulon
48%
Maxime Machenaud Racing 92
48%
Cedate Gomes Sa Racing 92
43%
Pilier Eddy Ben Arous Racing 92
43%
Louis Picamoles Montpellier HR
43%
Matthieu Jalibert Bordeaux-Bègles
43%
Teddy Thomas Racing 92
43%
Arrière Brice Dulin Racing 92
38%
François Trinh-Duc RC Toulon
38%
Yacouba Camara Montpellier HR
38%
2ème Ligne Arthur Iturria ASM Clermont
33%
Bernard Le Roux Racing 92
33%
Jonathan Danty Stade Français
33%
Paul Gabrillagues Stade Français
33%
Romain Taofifenua RC Toulon
33%
Sekou Macalou Stade Français
33%
Wenceslas Lauret Racing 92
33%
Dany Priso La Rochelle
29%
Demi d'Ouverture Lionel Beauxis Lyon OU
29%
Centre Mathieu Bastareaud RC Toulon
29%
Sebastien Vahaamahina ASM Clermont
29%
Virimi Vakatawa Racing 92
29%
Christopher Tolofua Saracens
24%
Felix Lambey Lyon OU
24%
Geoffrey Palis Castres Olympique
24%
Hugo Bonneval RC Toulon
24%
Kevin Gourdon La Rochelle
24%
3ème Ligne Mathieu Babillot Castres Olympique
24%
Anthony Belleau RC Toulon
19%
Geoffrey Doumayrou La Rochelle
19%
Henry Chavancy Racing 92
19%
Marco Tauleigne Bordeaux-Bègles
19%
Rémi Lamerat ASM Clermont
19%
Remy Grosso ASM Clermont
19%
Alexandre Lapandry ASM Clermont
10%
Ailier Benjamin Fall Montpellier HR
5%
Kelian Galletier Montpellier HR
5%
Aucun quiz correspondant
Distribution des résultats
% des personnes avec chaque résultat
Percentile par nombre de réponses
Votre historique - résultats
Vous n’avez pas pris ce quiz